000 00719cam a2200217 a 4500
005 20131112032415.0
008 930825s1994 nyu b 001 0 eng
020 _a0671633775 :
041 0 _aeng
080 _a338
100 1 _aBarnet, Richard J.
245 1 0 _aGlobal dreams :
_cRichard J. Barnet, John Cavanagh.
260 _aNew York :
_bSimon & Schuster,
_cc1994.
300 _a480 p. ;
_c24 cm.
504 _aIncludes bibliographical references (p. [459]-465) and index.
650 0 _aBiznesi
_vRast studimi
650 0 _vNdërmarrjet ndërkombëtare të biznesit
650 0 _aHistoria ekonomike
_y1945-
700 1 _aCavanagh, John,
_d1955-
942 _2udc
_cBK
999 _c273
_d273